The wisdom of crowds : Why the many are smarter than the few and how collective wisdom shapes business, economies, societies and nations
In this endlessly fascinating book, New Yorker columnist James Surowiecki explores a deceptively simple idea that has profound implications: Large groups of people are smarter than an elite few, no matter how brilliant-better at solving problems, fostering innovation, coming to wise decisions, even...
Spremljeno u:
| Glavni autor: | |
|---|---|
| Format: | Knjiga |
| Jezik: | Undetermined |
| Izdano: |
New York
Random House Audio
2004
|
| Teme: | |
| Oznake: |
Dodaj oznaku
Bez oznaka, Budi prvi tko označuje ovaj zapis!
|
| Thư viện lưu trữ: | Trung tâm Học liệu Trường Đại học Cần Thơ |
|---|
| LEADER | 01030nam a2200217Ia 4500 | ||
|---|---|---|---|
| 001 | CTU_187734 | ||
| 008 | 210402s9999 xx 000 0 und d | ||
| 082 | |a 428.24 | ||
| 082 | |b S961/Cas.1 | ||
| 100 | |a Surowiecki, James | ||
| 245 | 4 | |a The wisdom of crowds : | |
| 245 | 0 | |b Why the many are smarter than the few and how collective wisdom shapes business, economies, societies and nations | |
| 245 | 0 | |c James Surowiecki, Erik Singer | |
| 260 | |a New York | ||
| 260 | |b Random House Audio | ||
| 260 | |c 2004 | ||
| 520 | |a In this endlessly fascinating book, New Yorker columnist James Surowiecki explores a deceptively simple idea that has profound implications: Large groups of people are smarter than an elite few, no matter how brilliant-better at solving problems, fostering innovation, coming to wise decisions, even predicting the future. | ||
| 650 | |a English language,Ngôn ngữ Anh | ||
| 650 | |x Study and teaching,Học và dạy | ||
| 904 | |i Giang | ||
| 980 | |a Trung tâm Học liệu Trường Đại học Cần Thơ | ||